[Event "Vecindario rapid op 2nd"]
[Site "Vecindario"]
[Date "2024.11.02"]
[Round "6"]
[White "Hernando Rodrigo, Jose Maria"]
[Black "Mesa Rodriguez, Antonio"]
[Result "1-0"]
[WhiteElo "2289"]
[BlackElo "1711"]
[PlyCount "97"]
[EventDate "2024.11.01"]
[EventType "swiss"]
[EventRounds "9"]
[EventCountry "ESP"]
[SourceTitle "CB45_2024"]
[Source "ChessBase"]
[SourceDate "2024.11.06"]
[SourceVersion "1"]
[SourceVersionDate "2024.11.06"]
[SourceQuality "1"]

1. d4 Nf6 2. Nf3 b6 3. g3 Bb7 4. Bg2 e6 5. 0-0 Be7 6. c4 0-0 7. Nc3 Ne4 8. Qc2 Nxc3 9. bxc3 d6 10. Ng5 Bxg5 11. Bxb7 Nd7 12. Bxg5 Qxg5 13. Bxa8 Rxa8 14. Qa4 Qe7 15. Qc6 Rc8 16. Qb7 Qd8 17. Qxa7 c5 18. Qa6 Nf6 19. Rfd1 Ne4 20. Rd3 Qc7 21. Rb1 Rb8 22. a4 d5 23. cxd5 exd5 24. a5 bxa5 25. Rxb8+ Qxb8 26. Qxa5 c4 27. Re3 Nf6 28. Re7 h5 29. Qc7 Qxc7 30. Rxc7 Ne4 31. Rc8+ Kh7 32. f3 Nxc3 33. Kf2 Kg6 34. e4 Nd1+ 35. Ke2 Nc3+ 36. Kd2 Nb5 37. Ke3 dxe4 38. fxe4 c3 39. Rc5 c2 40. Rxc2 Kg5 41. Rc5+ Kg4 42. Rxb5 g6 43. d5 Kh3 44. Rb2 g5 45. d6 f5 46. exf5 h4 47. d7 g4 48. d8Q hxg3 49. Qh8# 1-0

[Event "Vecindario rapid op 2nd"]
[Site "Vecindario"]
[Date "2024.11.01"]
[Round "2"]
[White "Gilardone, Adriano"]
[Black "Mesa Rodriguez, Antonio"]
[Result "1-0"]
[WhiteElo "2051"]
[BlackElo "1711"]
[PlyCount "133"]
[EventDate "2024.11.01"]
[EventType "swiss"]
[EventRounds "9"]
[EventCountry "ESP"]
[SourceTitle "CB45_2024"]
[Source "ChessBase"]
[SourceDate "2024.11.06"]
[SourceVersion "1"]
[SourceVersionDate "2024.11.06"]
[SourceQuality "1"]

1. e4 c5 2. c3 d5 3. exd5 Qxd5 4. d4 g6 5. Nf3 Bg7 6. Be2 Nf6 7. 0-0 0-0 8. h3 cxd4 9. Nxd4 e5 10. Bf3 Qd7 11. Nb3 e4 12. Be2 b6 13. Na3 Bb7 14. Nc4 Rd8 15. Qc2 Nc6 16. Rd1 Qe6 17. Bg5 Ne5 18. Nd4 Qe8 19. Nxe5 Qxe5 20. Qc1 Rd7 21. Bf4 Qc5 22. Bh6 Rad8 23. Bxg7 Kxg7 24. Qe3 Nd5 25. Qg3 Ne7 26. Bg4 Rd6 27. Re1 Qg5 28. h4 Qc5 29. Re2 f5 30. Bh3 Nc6 31. Nxf5+ Kg8 32. Nxd6 Rxd6 33. Rxe4 Na5 34. Re8+ Kf7 35. Rae1 Rc6 36. Qf4+ Rf6 37. R1e7+ Qxe7 38. Rxe7+ Kxe7 39. Qc7+ Kf8 40. b4 Rf7 41. Qd8+ Kg7 42. bxa5 bxa5 43. Qd4+ Kh6 44. Qxa7 Re7 45. Qxa5 Re1+ 46. Kh2 Kg7 47. Qc7+ Kh6 48. Qxb7 g5 49. hxg5+ Kh5 50. Qf3+ Kg6 51. Qf5+ Kg7 52. Qf6+ Kg8 53. Qe6+ Rxe6 54. Bxe6+ Kg7 55. a4 Kf8 56. a5 Ke7 57. a6 Kd6 58. a7 h5 59. a8Q h4 60. g6 h3 61. g7 hxg2 62. Kxg2 Ke5 63. g8Q Kd6 64. Qd5+ Kc7 65. Qc8+ Kb6 66. Qdb7+ Ka5 67. Qca8# 1-0

[Event "La Palma Island op"]
[Site "Santa Cruz de La Palma"]
[Date "2024.08.02"]
[Round "1"]
[White "Martinez Reyes, Pedro Ramon"]
[Black "Mesa Rodriguez, Antonio"]
[Result "1-0"]
[WhiteElo "2343"]
[BlackElo "1758"]
[PlyCount "101"]
[EventDate "2024.08.02"]
[EventType "swiss"]
[EventRounds "10"]
[EventCountry "ESP"]
[SourceTitle "CBM 221 Extra"]
[Source "ChessBase"]
[SourceDate "2024.09.30"]
[SourceVersion "1"]
[SourceVersionDate "2024.09.30"]
[SourceQuality "1"]

1. e4 c5 2. Nf3 d6 3. d4 cxd4 4. Nxd4 Nf6 5. Bc4 g6 6. Nc3 Bg7 7. Be3 0-0 8. f3 Nc6 9. Qd2 Bd7 10. h4 h5 11. 0-0-0 Rc8 12. Nxc6 Bxc6 13. Bb3 b5 14. Bxa7 Qa5 15. Bd4 b4 16. Ne2 Ba4 17. Bxa4 Qxa4 18. Kb1 Ra8 19. Nc1 Rfc8 20. Qd3 Bh6 21. Qb3 Bxc1 22. Bxf6 exf6 23. Qxa4 Rxa4 24. Rxc1 Rca8 25. a3 bxa3 26. b3 R4a5 27. Rhd1 R8a6 28. Ka2 f5 29. Rd5 fxe4 30. fxe4 Rc5 31. c4 Kf8 32. Rcd1 Ke7 33. R1d4 Rcc6 34. Rb5 Ke6 35. Rdd5 Rc8 36. Ra5 Rca8 37. b4 Rxa5 38. Rxa5 Rc8 39. Kb3 a2 40. Rxa2 Ke5 41. Rd2 Kxe4 42. Rxd6 Kf4 43. c5 Kg3 44. c6 Kxg2 45. b5 f5 46. b6 f4 47. b7 Rb8 48. Rxg6+ Kh3 49. Kc4 f3 50. c7 f2 51. c8Q+ 1-0

[Event "Tenerife-chT Segunda"]
[Site "Tenerife"]
[Date "2023.04.29"]
[Round "12"]
[White "Mesa Rodriguez, Antonio"]
[Black "Portero Rodriguez, Diego"]
[Result "1-0"]
[WhiteElo "1193"]
[BlackElo "1391"]
[PlyCount "33"]
[EventDate "2023.01.14"]
[EventType "team-tourn"]
[EventRounds "14"]
[EventCountry "ESP"]
[SourceTitle "EXT 2024"]
[Source "ChessBase"]
[SourceDate "2023.10.10"]
[SourceVersion "1"]
[SourceVersionDate "2023.10.10"]
[SourceQuality "1"]
[WhiteTeam "Al Shah Mat Los Realejos III"]
[BlackTeam "Santa Ursula Badnor"]
[WhiteTeamCountry "ESP"]
[BlackTeamCountry "ESP"]

1. e4 e5 2. Nf3 Nf6 3. Nc3 d6 4. d4 exd4 5. Nxd4 Nc6 6. Be3 Be7 7. Qd2 0-0 8. 0-0-0 a5 9. h4 a4 10. a3 Ng4 11. Be2 Nxe3 12. Qxe3 Nxd4 13. Rxd4 Bd7 14. g4 Bf6 15. Rd3 Bxh4 16. Qh3 Bg5+ 17. Kb1 1-0

[Event "Santa Cruz Christmas op 32nd"]
[Site "Santa Cruz"]
[Date "2022.12.15"]
[Round "1"]
[White "Mesa Rodriguez, Antonio"]
[Black "Mamani Beltran, Deniman"]
[Result "0-1"]
[WhiteElo "1281"]
[BlackElo "2124"]
[PlyCount "84"]
[EventDate "2022.12.15"]
[EventType "swiss"]
[EventRounds "9"]
[EventCountry "ESP"]
[SourceTitle "EXT 2024"]
[Source "ChessBase"]
[SourceDate "2023.10.10"]
[SourceVersion "1"]
[SourceVersionDate "2023.10.10"]
[SourceQuality "1"]

1. e4 Nf6 2. Nc3 d6 3. d4 c6 4. Bg5 Nbd7 5. Nf3 h6 6. Bh4 Qc7 7. Bc4 b5 8. Bb3 b4 9. Bxf6 Nxf6 10. e5 bxc3 11. exf6 cxb2 12. fxg7 Bxg7 13. Rb1 Bg4 14. Rxb2 Qa5+ 15. Qd2 Qxd2+ 16. Kxd2 Bxf3 17. gxf3 Bxd4 18. Rbb1 Bxf2 19. Ba4 Rc8 20. Bxc6+ Kf8 21. Bd7 Rc7 22. Rb8+ Kg7 23. Rxh8 Kxh8 24. Rf1 Rxd7 25. Rxf2 Kg7 26. Rg2+ Kf6 27. Rg4 e5 28. h4 Rc7 29. Kd3 d5 30. c3 Kf5 31. h5 e4+ 32. Kd2 exf3 33. Rg1 Re7 34. Kd3 Kf4 35. Kd4 Re5 36. Rf1 Rf5 37. Kd3 Kg3 38. Ke3 f2 39. Rc1 Re5+ 40. Kd4 Re1 41. Rxe1 fxe1Q 42. Kxd5 Qxc3 0-1

[Event "ESP-ch U10 Rapid"]
[Site "Salobrena"]
[Date "2022.07.10"]
[Round "9"]
[White "Mesa Rodriguez, Antonio"]
[Black "Petrashko, Vladyslav"]
[Result "1/2-1/2"]
[WhiteElo "1024"]
[BlackElo "1234"]
[PlyCount "130"]
[EventDate "2022.07.09"]
[EventType "swiss (rapid)"]
[EventRounds "9"]
[EventCountry "ESP"]
[SourceTitle "EXT 2023"]
[Source "ChessBase"]
[SourceDate "2022.10.05"]
[SourceVersion "1"]
[SourceVersionDate "2022.10.05"]
[SourceQuality "1"]

1. e4 e5 2. Nf3 Nc6 3. Bc4 Nf6 4. Nc3 d6 5. 0-0 Bg4 6. h3 Bh5 7. Be2 Bg6 8. d3 Be7 9. Be3 0-0 10. Rc1 d5 11. exd5 Nxd5 12. Nxd5 Qxd5 13. c4 Qd7 14. a3 a5 15. b4 axb4 16. axb4 Bxb4 17. c5 e4 18. dxe4 Qxd1 19. Rcxd1 Bxe4 20. Nd2 Bxd2 21. Rxd2 Rad8 22. Rfd1 Rxd2 23. Rxd2 Rd8 24. Rxd8+ Nxd8 25. Bf4 Ne6 26. Bg3 c6 27. Bd6 Nd4 28. Bg4 f5 29. Bh5 g6 30. Bd1 Kf7 31. Be5 Ne6 32. Bb3 Ke7 33. Bd6+ Kd7 34. g3 Nd4 35. Bg8 h6 36. Bf8 h5 37. Bh7 Ne6 38. Bh6 Nxc5 39. Bxg6 b5 40. g4 hxg4 41. hxg4 fxg4 42. Bh5 Bf3 43. Bc1 Nb3 44. Bb2 c5 45. Bg6 c4 46. Bc3 Kc6 47. Kh2 Kc5 48. Kg3 b4 49. Bf6 c3 50. Be7+ Kc4 51. Bf7+ Bd5 52. Bxd5+ Kxd5 53. Bxb4 c2 54. Ba3 Kc4 55. Kxg4 c1Q 56. Bxc1 Nxc1 57. f4 Nd3 58. f5 Ne5+ 59. Kf4 Kd5 60. f6 Ke6 61. Kg5 Nf7+ 62. Kg6 Nd8 63. Kg7 Nf7 64. Kg6 Nd8 65. Kg7 Nf7 1/2-1/2

[Event "ESP-ch U10 Rapid"]
[Site "Salobrena"]
[Date "2022.07.09"]
[Round "2"]
[White "Mesa Rodriguez, Antonio"]
[Black "Ania Chueca, Mario"]
[Result "0-1"]
[WhiteElo "1024"]
[BlackElo "1230"]
[PlyCount "144"]
[EventDate "2022.07.09"]
[EventType "swiss (rapid)"]
[EventRounds "9"]
[EventCountry "ESP"]
[SourceTitle "EXT 2023"]
[Source "ChessBase"]
[SourceDate "2022.10.05"]
[SourceVersion "1"]
[SourceVersionDate "2022.10.05"]
[SourceQuality "1"]

1. e4 e6 2. d4 d5 3. exd5 exd5 4. Nf3 Bd6 5. c4 c6 6. c5 Bc7 7. Be2 Bf5 8. Nbd2 Nd7 9. Nf1 Ne7 10. Ng3 0-0 11. Bg5 f6 12. Bd2 Re8 13. 0-0 Bxg3 14. hxg3 Ng6 15. Re1 Qc7 16. b4 Re7 17. Qb3 a6 18. a4 Nb8 19. b5 axb5 20. axb5 Rxa1 21. Rxa1 Rxe2 22. b6 Qd7 23. Be3 Na6 24. Rxa6 Rc2 25. Ra8+ Kf7 26. g4 Be4 27. g5 Qg4 28. Bd2 Bxf3 29. Qxf3 Qxf3 30. gxf3 Rxd2 31. gxf6 Kxf6 32. Rb8 Rxd4 33. Rxb7 Rb4 34. Rc7 Ne5 35. b7 d4 36. f4 d3 37. fxe5+ Kxe5 38. Re7+ Kf6 39. Rd7 Rb3 40. Kg2 Ke6 41. Rd6+ Ke7 42. f4 Rxb7 43. Rxd3 Rb5 44. Rc3 Kf6 45. Kf3 Kf5 46. Rc4 h6 47. Rc3 Rb4 48. Rd3 Rxf4+ 49. Ke3 Rc4 50. Rd2 Rxc5 51. Rf2+ Kg6 52. Rg2+ Rg5 53. Rc2 c5 54. Ke4 h5 55. Kf3 h4 56. Ke4 Kh5 57. Kf3 g6 58. Kf4 Rg4+ 59. Kf3 c4 60. Rc3 Rg3+ 61. Ke2 Rxc3 62. Kd2 h3 63. Kxc3 h2 64. Kxc4 h1Q 65. Kd3 Qe1 66. Kc2 Qe3 67. Kb1 Qd2 68. Ka1 g5 69. Kb1 g4 70. Ka1 g3 71. Kb1 g2 72. Ka1 g1R# 0-1

[Event "Tenerife-chT Segunda"]
[Site "Tenerife"]
[Date "2022.04.30"]
[Round "10.3"]
[White "De Varona Ortega, Omar Enrique"]
[Black "Mesa Rodriguez, Antonio"]
[Result "1-0"]
[WhiteElo "1590"]
[BlackElo "1029"]
[PlyCount "78"]
[EventDate "2022.01.29"]
[EventType "team-tourn"]
[EventRounds "14"]
[EventCountry "ESP"]
[SourceTitle "EXT 2024"]
[Source "ChessBase"]
[SourceDate "2023.10.10"]
[SourceVersion "1"]
[SourceVersionDate "2023.10.10"]
[SourceQuality "1"]
[WhiteTeam "Ebano Barrio Nuevo III"]
[BlackTeam "Al Shah Mat Los Realejos III"]
[WhiteTeamCountry "ESP"]
[BlackTeamCountry "ESP"]

1. e4 c5 2. Nf3 Nc6 3. c3 g6 4. Bb5 b6 5. 0-0 Bg7 6. d4 a6 7. Ba4 cxd4 8. cxd4 b5 9. Bc2 d5 10. e5 f6 11. Re1 fxe5 12. dxe5 Bg4 13. h3 Bxf3 14. Qxf3 Nxe5 15. Qg3 Nc4 16. Re2 Qd6 17. Bf4 e5 18. b3 0-0-0 19. Bg5 e4 20. Bf4 Qb6 21. Nc3 Bxc3 22. Qxc3 d4 23. Qg3 d3 24. Rxe4 dxc2 25. Qg4+ Rd7 26. Re8+ Qd8 27. Rxd8+ Kxd8 28. bxc4 Nf6 29. Bg5 Rf8 30. Rc1 Kc8 31. Rxc2 Nxg4 32. cxb5+ Kb7 33. bxa6+ Kxa6 34. hxg4 Rd4 35. f3 Rd5 36. Bh4 g5 37. Bg3 Rd1+ 38. Kf2 Rfd8 39. Re2 Kb6 1-0